Nový návrh odporúčaných dávok potravín a živín

Podrobná bibliografia
Hlavný autor: Ehrenhaft, Bedrich (Autor)
Médium: Článok
Jazyk:slovenčina
Predmet:

MARC

LEADER 00000nab a2200000Ia 4500
001 vtls010822219
003 SK-MaSNL
005 20260303235320.0
008 230121|1975 xo |||||||||||||||||slo|
035 |a (urnnbn)urn:nbn:sk:snk:ar-a0609g 
035 |a urn:nbn:sk:snk-ab5p94 
035 |a (uuid)827f0847-e2cb-49bd-827c-78e116fed15f 
040 |a SNKBUCL  |b slo  |c SNKBUCL  |e AACR2 
041 0 |a slo 
044 |a xo  |c SK 
080 |a 663/664  |2 2001 
080 |a 612.39  |2 2011 
100 1 |a Ehrenhaft, Bedrich  |4 aut  |9 1116820 
245 1 0 |a Nový návrh odporúčaných dávok potravín a živín  |c Bedrich Ehrenhaft 
650 0 7 |a potraviny  |2 SNKPH  |9 1614 
650 0 7 |a výživa  |2 SNKPH  |9 2615 
650 0 7 |a živiny  |2 SNKPH  |9 15431 
773 0 |t Výživa a zdravie : časopis pre výživu a zdravý životný štýl  |g Roč. 20, č. 7 (1975), s. 153-154 
954 |a odborná, vedecká literatúra pôvodná (slovenská)  |2 lita 
958 |a OND 
958 |a EUIPO 
958 |a article5 
999 |c 2525071  |d 2527001